000 01064nam a22002657a 4500
001 BD-DhSAU 9099
003 BD-DhSAU
005 20161024122721.0
008 150613b2005 bg a|||| m||| 00| 0 eng d
040 _aBD-DhSAU
082 _222
_a630
_bAk47
100 _aAkhter, Shikder Md. Mohimen
_eRegistration # 21726/00084
245 _aEffect of harvesting time on shattering, yield and oil content of rapeseed and mustard /
_bMS thesis
_cShikder Md. Mohimen Akhter
260 _aSher-e-Bangla Agricultural University :
_bDepartment of Agronomy,
_c2005.
300 _axii, 81 p. :
_bill. ;
_c30 cm.
500 _aMS thesis of Department of Agronomy, Faculty of Agriculture, Sher-e-Bangla Agricultural University, Dhaka, Bangladesh
504 _aIncludes bibliographical reference.
590 _aJerin
650 _aAgronomy
650 _a mustard
700 _aBiswas, Parimal Kanti
_eSuperviser
700 _aAli, Md. Hazrat
_eCo-superviser
856 _uhttp://archive.saulibrary.edu.bd:8080/handle/123456789/36
942 _2ddc
_cTHESIS
999 _c9099
_d9099